| 000 | 00777pam a2200241 a 4500 | ||
|---|---|---|---|
| 020 | _a1559349786 | ||
| 040 | _cDLC | ||
| 082 | 0 | 0 | _a305 MAY 1999 A019 Or. |
| 245 | 0 | 0 |
_aWomen : _bimages and realities : a multicultural anthology / |
| 250 | _a2nd ed. | ||
| 260 |
_aMountain View, Calif. : _bMayfield Pub. Co., _cc1999. |
||
| 300 |
_axiii, 578 p. : _bill. ; _c23 cm. |
||
| 650 | 0 | _aFeminism | |
| 650 | 0 | _aWomen | |
| 650 | 0 | _aWomen's studies | |
| 700 | 1 | _aKesselman, Amy Vita, | |
| 700 | 1 | _aMcNair, Lily D. | |
| 700 | 1 | _aSchniedewind, Nancy, | |
| 856 | 4 | 2 | _uhttp://www.loc.gov/catdir/description/mh024/98039649.html |
| 856 | 4 | 1 | _uhttp://www.loc.gov/catdir/toc/mh023/98039649.html |
| 856 | 4 | 2 | _uhttp://www.loc.gov/catdir/enhancements/fy0737/98039649-b.html |
| 942 | _cEK | ||
| 999 |
_c12354 _d12354 |
||